Lataa...

Introduction to the economics of agricultural production

Bibliografiset tiedot
Päätekijä: Sankhayan, P L
Aineistotyyppi: Printed Book
Kieli:Undetermined
English
Julkaistu: New Delhi Prentice-Hall of India Private Limited 1988
Aiheet:
LEADER 00664nam a2200205Ia 4500
008 140306s9999 xx 000 0 und d
020 |a 0 87692 509 3 
041 |a eng 
082 |a 338 .1  |b SAN/IN 
100 |a Sankhayan, P L 
245 |a Introduction to the economics of agricultural production 
260 |a New Delhi  |b Prentice-Hall of India Private Limited  |c  1988 
300
365 |b Rs .39 
650 |a econometrics 
650 |a production function 
650 |a Profit function 
942 |2 ddc  |c BK 
999 |c 182718  |d 182718 
952 |0 0  |1 0  |2 ddc  |4 0  |6 338_000000000000000__1_SAN_IN  |7 0  |9 188448  |a KAUCBV  |b KAUCBV  |g 39.00  |o 338 .1 SAN/IN  |r 2014-03-22  |w 2014-03-22  |y BK